Statistics for 1983 College Football AP Poll

Click here to take the quiz!

General Stats

  • This quiz has been taken 19 times
  • The average score is 275 of 321

Answer Stats

WeekRankTeamWLTConference% Correct
Week 3 (9/19)6Alabama20SEC
93%
Week 12 (11/21)13Alabama72SEC
93%
Week 4 (9/26)6Alabama30SEC
93%
Week 2 (9/12)12Alabama10SEC
93%
Week 5 (10/3)3Alabama40SEC
93%
Week 6 (10/10)11Alabama41SEC
93%
Week 7 (10/17)20Alabama42SEC
93%
Week 1 (9/5)14Alabama00SEC
93%
Week 8 (10/24)18Alabama42SEC
93%
Week 10 (11/7)16Alabama62SEC
93%
Week 11 (11/14)16Alabama72SEC
93%
Week 9 (10/31)19Alabama52SEC
93%
Preseason13Alabama00SEC
93%
Postseason15Alabama84SEC
93%
Week 13 (11/28)19Alabama73SEC
93%
Week 8 (10/24)7Miami71Independent
93%
Week 14 (12/5)5Miami101Independent
93%
Week 9 (10/31)5Miami81Independent
93%
Week 7 (10/17)8Miami61Independent
93%
Postseason1Miami111Independent
93%
Week 10 (11/7)6Miami91Independent
93%
Week 6 (10/10)10Miami51Independent
93%
Week 5 (10/3)12Miami41Independent
93%
Week 11 (11/14)5Miami101Independent
93%
Week 4 (9/26)15Miami31Independent
93%
Week 12 (11/21)5Miami101Independent
93%
Week 13 (11/28)5Miami101Independent
93%
Week 2 (9/12)8Michigan10Big Ten
93%
Week 5 (10/3)14Michigan31Big Ten
93%
Week 4 (9/26)14Michigan21Big Ten
93%
Week 6 (10/10)13Michigan41Big Ten
93%
Postseason8Michigan93Big Ten
93%
Week 7 (10/17)10Michigan51Big Ten
93%
Week 14 (12/5)8Michigan92Big Ten
93%
Week 3 (9/19)17Michigan11Big Ten
93%
Week 8 (10/24)8Michigan61Big Ten
93%
Week 11 (11/14)8Michigan82Big Ten
93%
Week 9 (10/31)13Michigan62Big Ten
93%
Week 13 (11/28)8Michigan92Big Ten
93%
Week 1 (9/5)6Michigan00Big Ten
93%
Week 12 (11/21)8Michigan92Big Ten
93%
Week 10 (11/7)9Michigan72Big Ten
93%
Preseason10Michigan00Big Ten
93%
Week 14 (12/5)1Nebraska120Big Eight
93%
Week 13 (11/28)1Nebraska120Big Eight
93%
Week 4 (9/26)1Nebraska40Big Eight
93%
Week 12 (11/21)1Nebraska110Big Eight
93%
Postseason2Nebraska121Big Eight
93%
Week 5 (10/3)1Nebraska50Big Eight
93%
Week 11 (11/14)1Nebraska110Big Eight
93%
Week 9 (10/31)1Nebraska90Big Eight
93%
Week 6 (10/10)1Nebraska60Big Eight
93%
Week 10 (11/7)1Nebraska100Big Eight
93%
Week 3 (9/19)1Nebraska30Big Eight
93%
Week 7 (10/17)1Nebraska70Big Eight
93%
Preseason1Nebraska00Big Eight
93%
Week 8 (10/24)1Nebraska80Big Eight
93%
Week 2 (9/12)1Nebraska20Big Eight
93%
Week 1 (9/5)1Nebraska10Big Eight
93%
Week 8 (10/24)19Notre Dame52Independent
93%
Week 1 (9/5)5Notre Dame00Independent
93%
Week 9 (10/31)18Notre Dame62Independent
93%
Week 3 (9/19)13Notre Dame11Independent
93%
Preseason6Notre Dame00Independent
93%
Week 2 (9/12)4Notre Dame10Independent
93%
Week 6 (10/10)6Ohio State41Big Ten
93%
Week 1 (9/5)7Ohio State00Big Ten
93%
Week 14 (12/5)14Ohio State83Big Ten
93%
Week 10 (11/7)10Ohio State72Big Ten
93%
Postseason9Ohio State93Big Ten
93%
Week 9 (10/31)14Ohio State62Big Ten
93%
Week 4 (9/26)8Ohio State21Big Ten
93%
Week 13 (11/28)14Ohio State83Big Ten
93%
Preseason9Ohio State00Big Ten
93%
Week 5 (10/3)6Ohio State31Big Ten
93%
Week 8 (10/24)16Ohio State52Big Ten
93%
Week 2 (9/12)6Ohio State10Big Ten
93%
Week 3 (9/19)3Ohio State20Big Ten
93%
Week 11 (11/14)10Ohio State82Big Ten
93%
Week 7 (10/17)17Ohio State42Big Ten
93%
Week 12 (11/21)14Ohio State83Big Ten
93%
Week 3 (9/19)8Oklahoma11Big Eight
93%
Week 14 (12/5)20Oklahoma84Big Eight
93%
Week 2 (9/12)2Oklahoma10Big Eight
93%
Week 4 (9/26)9Oklahoma21Big Eight
93%
Week 7 (10/17)16Oklahoma42Big Eight
93%
Week 1 (9/5)2Oklahoma00Big Eight
93%
Week 6 (10/10)15Oklahoma32Big Eight
93%
Week 8 (10/24)14Oklahoma52Big Eight
93%
Week 5 (10/3)8Oklahoma31Big Eight
93%
Preseason2Oklahoma00Big Eight
93%
Week 9 (10/31)11Oklahoma62Big Eight
93%
Preseason4Penn State00Independent
93%
Week 1 (9/5)20Penn State01Independent
93%
Preseason3Texas00Southwest
93%
Week 3 (9/19)2Texas10Southwest
93%
Week 5 (10/3)2Texas30Southwest
93%
Week 10 (11/7)2Texas80Southwest
93%
Week 1 (9/5)3Texas00Southwest
93%
Week 8 (10/24)2Texas60Southwest
93%
Week 6 (10/10)2Texas40Southwest
93%
Week 13 (11/28)2Texas110Southwest
93%
Week 2 (9/12)3Texas00Southwest
93%
Postseason5Texas111Southwest
93%
Week 14 (12/5)2Texas110Southwest
93%
Week 7 (10/17)2Texas50Southwest
93%
Week 4 (9/26)2Texas20Southwest
93%
Week 11 (11/14)2Texas90Southwest
93%
Week 12 (11/21)2Texas100Southwest
93%
Week 9 (10/31)2Texas70Southwest
93%
Week 1 (9/5)9USC00Pacific-10
93%
Week 3 (9/19)10USC101Pacific-10
93%
Preseason8USC00Pacific-10
93%
Week 2 (9/12)14USC001Pacific-10
93%
Week 5 (10/3)10Arizona401Pacific-10
86%
Week 6 (10/10)9Arizona501Pacific-10
86%
Week 3 (9/19)4Arizona30Pacific-10
86%
Preseason14Arizona00Pacific-10
86%
Week 4 (9/26)3Arizona40Pacific-10
86%
Week 1 (9/5)11Arizona10Pacific-10
86%
Week 7 (10/17)19Arizona511Pacific-10
86%
Week 2 (9/12)7Arizona20Pacific-10
86%
Week 4 (9/26)20Arizona State201Pacific-10
86%
Week 7 (10/17)13Arizona State401Pacific-10
86%
Week 5 (10/3)18Arizona State301Pacific-10
86%
Week 6 (10/10)18Arizona State301Pacific-10
86%
Week 12 (11/21)3Auburn91SEC
86%
Postseason3Auburn111SEC
86%
Week 2 (9/12)5Auburn10SEC
86%
Week 8 (10/24)4Auburn61SEC
86%
Week 13 (11/28)3Auburn91SEC
86%
Week 3 (9/19)11Auburn11SEC
86%
Week 11 (11/14)3Auburn91SEC
86%
Week 7 (10/17)5Auburn51SEC
86%
Week 14 (12/5)3Auburn101SEC
86%
Week 5 (10/3)7Auburn31SEC
86%
Preseason5Auburn00SEC
86%
Week 9 (10/31)3Auburn71SEC
86%
Week 4 (9/26)10Auburn21SEC
86%
Week 6 (10/10)5Auburn41SEC
86%
Week 1 (9/5)4Auburn00SEC
86%
Week 10 (11/7)3Auburn81SEC
86%
Week 7 (10/17)18BYU51WAC
86%
Week 14 (12/5)9BYU101WAC
86%
Week 10 (11/7)8BYU81WAC
86%
Week 11 (11/14)9BYU91WAC
86%
Week 12 (11/21)9BYU101WAC
86%
Postseason7BYU111WAC
86%
Week 8 (10/24)15BYU61WAC
86%
Week 5 (10/3)20BYU31WAC
86%
Week 9 (10/31)12BYU71WAC
86%
Week 13 (11/28)9BYU101WAC
86%
Week 6 (10/10)20BYU41WAC
86%
Week 10 (11/7)14Florida621SEC
86%
Week 8 (10/24)5Florida601SEC
86%
Week 9 (10/31)9Florida611SEC
86%
Week 11 (11/14)12Florida721SEC
86%
Week 12 (11/21)11Florida721SEC
86%
Postseason6Florida921SEC
86%
Week 7 (10/17)6Florida501SEC
86%
Week 6 (10/10)7Florida501SEC
86%
Week 4 (9/26)12Florida301SEC
86%
Week 2 (9/12)15Florida101SEC
86%
Week 3 (9/19)15Florida201SEC
86%
Week 14 (12/5)11Florida821SEC
86%
Week 5 (10/3)9Florida401SEC
86%
Week 1 (9/5)18Florida10SEC
86%
Week 13 (11/28)12Florida721SEC
86%
Week 2 (9/12)9Florida State20Independent
86%
Week 1 (9/5)12Florida State10Independent
86%
Preseason7Florida State00Independent
86%
Week 3 (9/19)20Florida State21Independent
86%
Week 4 (9/26)17Florida State21Independent
86%
Week 10 (11/7)4Georgia801SEC
86%
Week 14 (12/5)7Georgia911SEC
86%
Week 6 (10/10)8Georgia401SEC
86%
Week 11 (11/14)7Georgia811SEC
86%
Week 2 (9/12)11Georgia10SEC
86%
Week 12 (11/21)7Georgia811SEC
86%
Week 1 (9/5)10Georgia10SEC
86%
Week 4 (9/26)11Georgia201SEC
86%
Week 3 (9/19)14Georgia101SEC
86%
Week 5 (10/3)11Georgia301SEC
86%
Week 9 (10/31)4Georgia701SEC
86%
Preseason15Georgia00SEC
86%
Week 8 (10/24)6Georgia601SEC
86%
Week 7 (10/17)7Georgia501SEC
86%
Week 13 (11/28)7Georgia911SEC
86%
Postseason4Georgia1011SEC
86%
Postseason10Illinois102Big Ten
86%
Week 12 (11/21)4Illinois101Big Ten
86%
Week 7 (10/17)11Illinois51Big Ten
86%
Week 8 (10/24)9Illinois61Big Ten
86%
Week 11 (11/14)4Illinois91Big Ten
86%
Week 10 (11/7)5Illinois81Big Ten
86%
Week 6 (10/10)19Illinois41Big Ten
86%
Week 13 (11/28)4Illinois101Big Ten
86%
Week 5 (10/3)19Illinois31Big Ten
86%
Week 9 (10/31)6Illinois71Big Ten
86%
Week 14 (12/5)4Illinois101Big Ten
86%
Week 5 (10/3)15Iowa31Big Ten
86%
Week 10 (11/7)12Iowa72Big Ten
86%
Week 4 (9/26)4Iowa30Big Ten
86%
Week 8 (10/24)17Iowa52Big Ten
86%
Week 2 (9/12)13Iowa10Big Ten
86%
Week 14 (12/5)10Iowa92Big Ten
86%
Week 7 (10/17)12Iowa51Big Ten
86%
Week 6 (10/10)14Iowa41Big Ten
86%
Week 11 (11/14)11Iowa82Big Ten
86%
Week 1 (9/5)16Iowa00Big Ten
86%
Postseason14Iowa93Big Ten
86%
Week 13 (11/28)10Iowa92Big Ten
86%
Preseason16Iowa00Big Ten
86%
Week 3 (9/19)7Iowa20Big Ten
86%
Week 9 (10/31)15Iowa62Big Ten
86%
Week 12 (11/21)10Iowa92Big Ten
86%
Preseason12LSU00SEC
86%
Week 1 (9/5)13LSU00SEC
86%
Week 4 (9/26)16LSU21SEC
86%
Week 2 (9/12)17Maryland10ACC
86%
Week 1 (9/5)17Maryland00ACC
86%
Week 14 (12/5)16Maryland83ACC
86%
Week 10 (11/7)11Maryland72ACC
86%
Week 13 (11/28)16Maryland83ACC
86%
Week 4 (9/26)19Maryland21ACC
86%
Preseason17Maryland00ACC
86%
Week 7 (10/17)15Maryland51ACC
86%
Week 5 (10/3)16Maryland31ACC
86%
Week 9 (10/31)7Maryland71ACC
86%
Week 6 (10/10)16Maryland41ACC
86%
Week 8 (10/24)13Maryland61ACC
86%
Week 12 (11/21)17Maryland83ACC
86%
Week 11 (11/14)20Maryland73ACC
86%
Preseason11North Carolina00ACC
86%
Week 9 (10/31)10North Carolina71ACC
86%
Week 7 (10/17)3North Carolina70ACC
86%
Week 3 (9/19)5North Carolina30ACC
86%
Week 4 (9/26)5North Carolina40ACC
86%
Week 2 (9/12)10North Carolina20ACC
86%
Week 10 (11/7)19North Carolina72ACC
86%
Week 5 (10/3)4North Carolina50ACC
86%
Week 6 (10/10)3North Carolina60ACC
86%
Week 1 (9/5)8North Carolina10ACC
86%
Week 8 (10/24)3North Carolina70ACC
86%
Week 12 (11/21)16Pittsburgh821Independent
86%
Week 3 (9/19)16Pittsburgh20Independent
86%
Postseason18Pittsburgh831Independent
86%
Week 13 (11/28)15Pittsburgh821Independent
86%
Week 11 (11/14)17Pittsburgh82Independent
86%
Week 14 (12/5)15Pittsburgh821Independent
86%
Week 2 (9/12)19Pittsburgh20Independent
86%
Week 10 (11/7)20Pittsburgh72Independent
86%
Postseason17UCLA741Pacific-10
86%
Preseason20UCLA00Pacific-10
86%
Preseason18Washington00Pacific-10
86%
Week 1 (9/5)19Washington00Pacific-10
86%
Week 8 (10/24)11Washington61Pacific-10
86%
Week 5 (10/3)16Washington31Pacific-10
86%
Week 6 (10/10)17Washington41Pacific-10
86%
Week 10 (11/7)18Washington72Pacific-10
86%
Week 4 (9/26)18Washington21Pacific-10
86%
Week 3 (9/19)9Washington20Pacific-10
86%
Week 7 (10/17)14Washington51Pacific-10
86%
Week 9 (10/31)20Washington62Pacific-10
86%
Week 2 (9/12)16Washington10Pacific-10
86%
Week 11 (11/14)15Washington82Pacific-10
86%
Week 11 (11/14)14West Virginia82Independent
86%
Week 8 (10/24)12West Virginia61Independent
86%
Week 4 (9/26)7West Virginia40Independent
86%
Postseason16West Virginia93Independent
86%
Week 2 (9/12)20West Virginia20Independent
86%
Week 13 (11/28)18West Virginia83Independent
86%
Week 3 (9/19)12West Virginia30Independent
86%
Week 5 (10/3)5West Virginia50Independent
86%
Week 9 (10/31)17West Virginia62Independent
86%
Week 6 (10/10)4West Virginia50Independent
86%
Week 12 (11/21)19West Virginia83Independent
86%
Week 7 (10/17)4West Virginia60Independent
86%
Week 14 (12/5)18West Virginia83Independent
86%
Week 10 (11/7)15West Virginia72Independent
86%
Week 10 (11/7)17Clemson711ACC
79%
Week 11 (11/14)13Clemson811ACC
79%
Week 13 (11/28)11Clemson911ACC
79%
Week 12 (11/21)12Clemson911ACC
79%
Week 14 (12/5)12Clemson911ACC
79%
Postseason11Clemson911ACC
79%
Week 11 (11/14)19Missouri73Big Eight
79%
Week 14 (12/5)16Air Force92WAC
71%
Postseason13Air Force102WAC
71%
Week 13 (11/28)17Air Force82WAC
71%
Week 12 (11/21)18Air Force82WAC
71%
Week 14 (12/5)20Baylor731Southwest
71%
Postseason12SMU102Southwest
71%
Week 2 (9/12)18SMU20Southwest
71%
Week 10 (11/7)7SMU71Southwest
71%
Week 8 (10/24)10SMU51Southwest
71%
Week 3 (9/19)18SMU20Southwest
71%
Week 13 (11/28)6SMU101Southwest
71%
Week 4 (9/26)13SMU30Southwest
71%
Week 5 (10/3)13SMU40Southwest
71%
Week 12 (11/21)6SMU91Southwest
71%
Preseason19SMU00Southwest
71%
Week 6 (10/10)12SMU50Southwest
71%
Week 11 (11/14)6SMU81Southwest
71%
Week 7 (10/17)9SMU50Southwest
71%
Week 14 (12/5)6SMU101Southwest
71%
Week 1 (9/5)15SMU10Southwest
71%
Week 9 (10/31)8SMU61Southwest
71%
Postseason19Boston College93Independent
64%
Week 3 (9/19)19Boston College30Independent
64%
Week 14 (12/5)13Boston College92Independent
64%
Week 8 (10/24)19Boston College51Independent
64%
Week 9 (10/31)16Boston College61Independent
64%
Week 10 (11/7)13Boston College71Independent
64%
Week 11 (11/14)18Boston College72Independent
64%
Week 12 (11/21)15Boston College82Independent
64%
Week 13 (11/28)13Boston College92Independent
64%
Week 12 (11/21)20East Carolina83Independent
7%
Week 14 (12/5)19East Carolina83Independent
7%
Week 13 (11/28)20East Carolina83Independent
7%
Postseason20East Carolina83Independent
7%

Score Distribution

Percentile by Number Answered

Percent of People with Each Score

Your Score History

You have not taken this quiz